UFC-ის მძიმე წონის ჩემპიონები - Statistics

General Stats
  • This quiz has been taken 17 times
  • The average score is 4 of 18
Answers on the Grid
Answers color-coded by a green-red scale on the quiz's grid according to % correct below.
სირილ განი
ფაბრისიო ვერდუმი
რენდი კოტური
ალისტერ ოვერიმი
ტიმ სილვია
ჯოშ ბარნეტი
ლიოტო მაჩიდა
კევინ რონდლმანი
ტომ ასპინალი
ბას რუტენი
ალექსანდრ გუსტავსონი
მაურის სმიტი
ჩაინ ველასკესი
ანდერსონ სილვა
მარკ კოლმანი
ჯერედ ქენონიერი
სტიპე მიოჩიჩი
ფრენსის ნგანუ
დერიკ ლუისი
ბროკ ლესნერი
სერგეი პავლოვიჩი
ტაი ტუივასა
კურტის ბლეიდსი
ანდრეი არლოვსკი
ჩეის შერმანი
ფრენკი მირი
დენიელ კორმიე
რიკო როდრიგესი
ალექს პერეირა
მირკო კრო კოპი
ჯონ ჯონსი
დენ ჰენდერსონი
 
Answer Stats
Answer % Correct
ფაბრისიო ვერდუმი
55%
ტომ ასპინალი
45%
ჯოშ ბარნეტი
36%
ფრენსის ნგანუ
36%
რენდი კოტური
27%
ტიმ სილვია
27%
სტიპე მიოჩიჩი
27%
ბროკ ლესნერი
27%
ანდრეი არლოვსკი
27%
ბას რუტენი
18%
ჩაინ ველასკესი
18%
ფრენკი მირი
18%
კევინ რონდლმანი
9%
მაურის სმიტი
9%
მარკ კოლმანი
9%
დენიელ კორმიე
9%
ჯონ ჯონსი
9%
რიკო როდრიგესი
0%
No matching quizzes found
Score Distribution
Percent of People with Each Score
Percentile by Number Answered
Your Score History
You have not taken this quiz